Music Quiz

Random Music or Lyrics Quiz

Shinedown Enemies Lyrics Quiz Stats

 Plays Quiz not verified by Sporcle

Also try: Song Snippets
Challenge
Share
Tweet
Embed
Score 0/239 Timer 10:00
0 Plays Today
Hint Answer % Correct
a
96.4%
a
96.4%
the
96.4%
a
96.4%
the
96.4%
the
96.4%
the
96.4%
the
96.4%
the
96.4%
and
96.4%
and
96.4%
the
96.4%
the
96.4%
the
96.4%
you
95.3%
you
95.3%
you
95.3%
you
95.3%
you
95.3%
you
95.3%
you
95.3%
you
95.3%
you
95.3%
you
95.3%
you
95.3%
you
95.3%
you
95.3%
you
95.3%
you
95.3%
you
95.3%
you
95.3%
you
95.3%
you
95.3%
you
95.3%
you
95.3%
you
95.3%
you
95.3%
you
95.3%
you
95.3%
you
95.3%
you
95.3%
you
95.3%
you
95.3%
you
95.3%
enemies
94.9%
enemies
94.9%
enemies
94.9%
enemies
94.9%
enemies
94.9%
it
94.2%
it
94.2%
to
93.1%
to
93.1%
to
93.1%
are
92.4%
are
92.4%
are
92.4%
go
92.1%
it's
91.7%
so
91.7%
it's
91.7%
do
91.7%
it's
91.7%
so
91.7%
it's
91.7%
no
91.7%
do
91.7%
it's
91.7%
so
91.7%
it's
91.7%
there
90.6%
think
90.6%
think
90.6%
on
90.6%
think
90.6%
think
90.6%
on
90.6%
one
89.9%
one
89.9%
one
89.9%
Hint Answer % Correct
your
89.5%
not
89.2%
how
89.2%
who
89.2%
all
89.2%
all
89.2%
who
89.2%
all
89.2%
all
89.2%
up
88.8%
from
88.8%
where
88.8%
from
88.8%
from
88.8%
where
88.8%
from
88.8%
from
88.8%
Listen
88.4%
apart
88.4%
apart
88.4%
there's
88.1%
tearing
88.1%
there's
88.1%
tearing
88.1%
already
87.7%
twenty
87.7%
run
87.7%
already
87.7%
twenty
87.7%
run
87.7%
us
87.4%
everyone
87.4%
knows
87.4%
better
87.4%
us
87.4%
everyone
87.4%
knows
87.4%
better
87.4%
moment
86.3%
feeling
86.3%
cold
86.3%
reality
85.9%
here
85.6%
could
85.6%
could
85.6%
down
85.2%
harsh
85.2%
world
85.2%
knees
85.2%
world
85.2%
knees
85.2%
spare
84.8%
top
84.8%
cruel
84.5%
with
84.5%
did
84.1%
did
84.1%
drop
83.8%
got
83.4%
got
83.4%
quite
83%
cause
83%
cause
83%
stuck
82.7%
that
81.9%
that
81.9%
that
81.9%
that
81.9%
that
81.9%
that
81.9%
that
81.9%
want
81.6%
want
81.6%
want
81.6%
want
81.6%
want
81.6%
want
81.6%
want
81.6%
want
81.6%
we
81.2%
Hint Answer % Correct
we
81.2%
we
81.2%
we
81.2%
more
80.5%
more
80.5%
more
80.5%
more
80.5%
more
80.5%
more
80.5%
more
80.5%
more
80.5%
please
80.1%
please
80.1%
me
78%
me
78%
me
78%
me
78%
get
76.9%
nothing
76.9%
get
76.9%
nothing
76.9%
get
76.9%
nothing
76.9%
get
76.9%
nothing
76.9%
caught
73.3%
but
72.6%
you're
72.6%
but
72.6%
but
72.6%
you're
72.6%
but
72.6%
you're
72.6%
but
72.6%
you'll
72.2%
you'll
72.2%
you'll
72.2%
you'll
72.2%
in
71.5%
in
71.5%
hate
71.1%
hate
71.1%
you've
70%
you've
70%
yeah
69.7%
yeah
69.7%
share
69.3%
share
69.3%
love
67.9%
love
67.9%
love
67.9%
burden
65.7%
burden
65.7%
like
65.3%
like
65.3%
out
64.3%
of
64.3%
take
63.5%
way
63.5%
take
63.5%
is
63.2%
just
62.8%
stop
62.8%
for
62.8%
mob
62.1%
couldn't
61.7%
ones
61.4%
angriest
61.4%
getting
61%
into
60.6%
wish
59.9%
started
59.6%
something
59.6%
last
59.6%
turned
58.8%
bare
58.5%
bare
58.5%
pay
57.4%
their
45.5%

You're not logged in!

Compare scores with friends on all Sporcle quizzes.
Join for Free
OR
Log In

You Might Also Like...

Show Comments

Extras

Top Quizzes Today


Score Distribution

Your Account Isn't Verified!

In order to create a playlist on Sporcle, you need to verify the email address you used during registration. Go to your Sporcle Settings to finish the process.

Report this User

Report this user for behavior that violates our Community Guidelines.

Details: